The OC characters - Statistics

General Stats
  • This quiz has been taken 161 times
  • The average score is 9 of 14
Answer Stats
Hint Answer % Correct
his adoptive brother Seth Cohen
98%
his adoptive father Sandy Cohen
95%
their neighbor in season 1 Marissa Cooper
91%
main character Ryan Atwood
91%
his adoptive mother Kirsten Cohen
85%
their neighbor's best friend Summer Roberts
72%
his biological brother Trey Atwood
72%
her mother Julie Cooper
70%
her father Jimmy Cooper
63%
her sister Kaitlin Cooper
53%
crazy girl that they end up being friends with Taylor Townsend
44%
her killer Kevin Volchok
38%
"welcome to the OC bitch" Luke Ward
33%
his girlfriend in season 1 Anna Stern
21%
No matching quizzes found
Score Distribution
Percent of People with Each Score
Percentile by Number Answered
Your Score History
You have not taken this quiz